Les clubs à une seule saison en D1/L1 - Statistiques

Statistiques générales
  • Ce quiz a été pris 40 fois
  • Le résultat moyen est 5 sur 14
Statistiques - réponses
saison Clubs % Correct
2010-2011 AC Arles-Avignon
75%
2004-2005 FC Istres
69%
2015-2016 Gazélec Ajaccio
69%
2009-2010 US Boulogne
67%
1995-1996 FC Gueugnon
53%
1987-1988 Chamois Niortais
50%
1997-1998 LB Châteauroux
50%
1948-1949 SR Colmar
25%
1957-1958 AS Béziers
17%
1967-1968 AS Aix-en-Provence
14%
1945-1946 Lyon OU
14%
1975-1976 Olympique Avignonnais
14%
1932-1933 Hyères FC
8%
1932-1933 Club Français Paris
3%
Aucun quiz correspondant
Distribution des résultats
% des personnes avec chaque résultat
Percentile par nombre de réponses
Votre historique - résultats
Vous n’avez pas pris ce quiz